[Event "2. Bundesliga Ost 2016/2017"]
[Site "alle Wien"]
[Date "2017.04.01"]
[Round "10"]
[Board "2"]
[White "Bury, Rastislav"]
[Black "Sharashenidze, Akaki"]
[Result "1-0"]
[WhiteElo "2159"]
[BlackElo "2343"]
[PlyCount "83"]
[EventDate "2016.10.15"]
[EventType "team"]
[EventRounds "11"]
[EventCountry "AUT"]
[WhiteTeam "Blackburne Nickelsdorf 2"]
[BlackTeam "SK Advisory Invest Baden"]

1. d4 d5 2. Nf3 Nf6 3. g3 c6 4. Bg2 Bf5 5. O-O e6 6. b3 a5 7. Nbd2 a4 8. bxa4
Rxa4 9. c4 Qa5 10. Nh4 Rxa2 11. Nb3 Qa4 12. Rxa2 Qxa2 13. Nxf5 exf5 14. cxd5
Bd6 15. Qd3 Qa4 16. Bg5 Nfd7 17. Qe3+ Kf8 18. Nc5 Qb4 19. Nxd7+ Nxd7 20. dxc6
bxc6 21. Bxc6 Nf6 22. Ra1 Kg8 23. Ra8+ Bf8 24. Bxf6 gxf6 25. Qh6 Qd6 26. d5 f4
27. gxf4 Qb4 28. Qxf6 h6 29. d6 Rh7 30. d7 Rg7+ 31. Qxg7+ Kxg7 32. d8=Q Qb1+
33. Kg2 Qg6+ 34. Kh3 Qf5+ 35. Kg3 Qg6+ 36. Kh4 Kh7 37. Bf3 f5 38. Qxf8 Qh5+ 39.
Kg3 Qg6+ 40. Kh3 Qh5+ 41. Kg2 Qg6+ 42. Kf1 1-0

[Event "2. Bundesliga Ost 2016/2017"]
[Site "alle Wien"]
[Date "2017.04.01"]
[Round "10"]
[Board "3"]
[White "Dzierzenga, Stefan"]
[Black "Rongitsch, Thomas"]
[Result "1/2-1/2"]
[WhiteElo "2221"]
[BlackElo "2092"]
[PlyCount "64"]
[EventDate "2016.10.15"]
[EventType "team"]
[EventRounds "11"]
[EventCountry "AUT"]
[WhiteTeam "SK Advisory Invest Baden"]
[BlackTeam "Blackburne Nickelsdorf 2"]

1. e4 c6 2. Ne2 d5 3. e5 c5 4. b4 cxb4 5. d4 Nc6 6. a3 e6 7. axb4 Bxb4+ 8. c3
Be7 9. Ng3 g6 10. Bd3 h5 11. Qc2 h4 12. Ne2 g5 13. h3 Bd7 14. f4 Nh6 15. Na3 a6
16. Qd2 Rg8 17. fxg5 Bxg5 18. Qd1 Bxc1 19. Qxc1 Qg5 20. Qxg5 Rxg5 21. O-O O-O-O
22. Rf6 Rh8 23. Nc2 Be8 24. Rf4 Ng8 25. Ne1 Nce7 26. Nf3 Rgh5 27. Nh2 Rg5 28.
Ng4 Nh6 29. Ne3 Nhg8 30. Ng4 Nh6 31. Ne3 Nhg8 32. Ng4 Nh6 1/2-1/2

[Event "2. Bundesliga Ost 2016/2017"]
[Site "alle Wien"]
[Date "2017.04.01"]
[Round "10"]
[Board "4"]
[White "Gratze, Michael"]
[Black "Ly, Dominik"]
[Result "0-1"]
[WhiteElo "2019"]
[BlackElo "2121"]
[PlyCount "102"]
[EventDate "2016.10.15"]
[EventType "team"]
[EventRounds "11"]
[EventCountry "AUT"]
[WhiteTeam "Blackburne Nickelsdorf 2"]
[BlackTeam "SK Advisory Invest Baden"]

1. e4 c5 2. Nf3 Nc6 3. Bb5 g6 4. Bxc6 dxc6 5. h3 Bg7 6. Nc3 Nf6 7. d3 O-O 8.
Be3 b6 9. a4 e5 10. a5 Ba6 11. O-O Nd7 12. axb6 axb6 13. Qd2 Qe7 14. Bh6 Rfd8
15. Bxg7 Kxg7 16. b3 Nf8 17. Na4 Qc7 18. Qc3 f6 19. b4 Bb5 20. Nb2 Ne6 21. bxc5
Nxc5 22. Nc4 Bxc4 23. Qxc4 Qd6 24. Qb4 b5 25. Rfb1 Kf7 26. Rxa8 Rxa8 27. d4
exd4 28. Qxd4 Rd8 29. Qxd6 Rxd6 30. e5 fxe5 31. Nxe5+ Ke6 32. Re1 Kd5 33. f4
Ne4 34. Nd3 c5 35. g4 Kd4 36. Nxc5 Kxc5 37. Rxe4 Rd2 38. Re7 Kd6 39. Rxh7 Rxc2
40. Rh6 b4 41. Rxg6+ Kc5 42. Rg8 b3 43. Rb8 b2 44. g5 Rc1+ 45. Kg2 b1=Q 46.
Rxb1 Rxb1 47. g6 Kd5 48. Kf3 Ke6 49. Kg4 Rg1+ 50. Kh5 Kf5 51. h4 Rg4 0-1

[Event "2. Bundesliga Ost 2016/2017"]
[Site "alle Wien"]
[Date "2017.04.01"]
[Round "10"]
[Board "5"]
[White "Hofegger, Jakob"]
[Black "Adler, Thomas"]
[Result "1-0"]
[WhiteElo "2072"]
[BlackElo "1963"]
[PlyCount "67"]
[EventDate "2016.10.15"]
[EventType "team"]
[EventRounds "11"]
[EventCountry "AUT"]
[WhiteTeam "SK Advisory Invest Baden"]
[BlackTeam "Blackburne Nickelsdorf 2"]

1. Nf3 e6 2. g3 Nf6 3. Bg2 d5 4. O-O c5 5. d3 Nc6 6. Nbd2 Be7 7. e4 dxe4 8.
dxe4 Qc7 9. c3 O-O 10. Qe2 e5 11. Nc4 Bg4 12. Bg5 h6 13. Bxf6 Bxf6 14. Ne3 Bxf3
15. Bxf3 Ne7 16. h4 Rad8 17. a4 Rd6 18. Nc4 Ra6 19. Rfd1 Nc8 20. Ne3 Ne7 21.
Qc4 Rd6 22. Rxd6 Qxd6 23. Rd1 Qc7 24. Bg4 Qb6 25. Qb5 Qxb5 26. axb5 b6 27. Ra1
Nc8 28. Bxc8 Rxc8 29. Rxa7 Rb8 30. Nc4 h5 31. Ra6 Bd8 32. Nxe5 Bc7 33. Nc6 Re8
34. Ra7 1-0

[Event "2. Bundesliga Ost 2016/2017"]
[Site "alle Wien"]
[Date "2017.04.01"]
[Round "10"]
[Board "6"]
[White "Kowarsch, Peter"]
[Black "Herndlbauer, Martin"]
[Result "0-1"]
[WhiteElo "1760"]
[BlackElo "2112"]
[PlyCount "82"]
[EventDate "2016.10.15"]
[EventType "team"]
[EventRounds "11"]
[EventCountry "AUT"]
[WhiteTeam "Blackburne Nickelsdorf 2"]
[BlackTeam "SK Advisory Invest Baden"]

1. d4 d5 2. Nf3 Nf6 3. Bf4 c5 4. e3 Qb6 5. Qc1 Nc6 6. c3 Bf5 7. Nbd2 Rc8 8. Be2
g6 9. O-O Bg7 10. Re1 O-O 11. dxc5 Qxc5 12. Nb3 Qb6 13. Nbd4 Bd7 14. Nxc6 Bxc6
15. Rb1 Bb5 16. Qd2 Rfd8 17. Qd4 Qxd4 18. exd4 Bxe2 19. Rxe2 e6 20. Ne5 Ne4 21.
Nd3 Rc6 22. Kf1 Rdc8 23. f3 Nf6 24. h3 Nd7 25. Ne5 Bxe5 26. Bxe5 b5 27. Bg3 Nb6
28. Be1 h5 29. Kf2 Nc4 30. a3 Kg7 31. b3 Nd6 32. g4 Rh8 33. Rbb2 hxg4 34. hxg4
Rh6 35. Ra2 Rh2+ 36. Kf1 Rh8 37. Bg3 Nb7 38. Rh2 Rxh2 39. Bxh2 Na5 40. a4 Nxb3
41. Rb2 bxa4 0-1

[Event "2. Bundesliga Ost 2016/2017"]
[Site "alle Wien"]
[Date "2017.04.01"]
[Round "10"]
[Board "1"]
[White "Juhasz, Armin"]
[Black "Menezes, Christoph"]
[Result "1-0"]
[WhiteElo "2388"]
[BlackElo "2411"]
[PlyCount "49"]
[EventDate "2016.10.15"]
[EventType "team"]
[EventRounds "11"]
[EventCountry "AUT"]
[WhiteTeam "SK Sparkasse Bad Voeslau"]
[BlackTeam "tschaturanga"]

1. Nf3 Nf6 2. g3 d5 3. Bg2 e6 4. O-O Be7 5. d4 O-O 6. c4 c6 7. Nc3 b6 8. Ne5
Nfd7 9. cxd5 exd5 10. Nxd5 cxd5 11. Bxd5 Nxe5 12. dxe5 Bh3 13. Bxa8 Bxf1 14.
Qxf1 Nd7 15. Bg2 Nxe5 16. Bf4 Ng6 17. Rd1 Qe8 18. Be3 Qa4 19. Bd5 Bf6 20. Bb3
Qe4 21. Qg2 Qg4 22. Rd2 h5 23. Qb7 Qh3 24. Qd7 Qxd7 25. Rxd7 1-0

[Event "2. Bundesliga Ost 2016/2017"]
[Site "alle Wien"]
[Date "2017.04.01"]
[Round "10"]
[Board "2"]
[White "Wukits, Rene"]
[Black "Juhasz, Kristof"]
[Result "0-1"]
[WhiteElo "2311"]
[BlackElo "2401"]
[PlyCount "50"]
[EventDate "2016.10.15"]
[EventType "team"]
[EventRounds "11"]
[EventCountry "AUT"]
[WhiteTeam "tschaturanga"]
[BlackTeam "SK Sparkasse Bad Voeslau"]

1. Nf3 Nf6 2. d4 e6 3. e3 c5 4. Bd3 b6 5. O-O Bb7 6. Nbd2 Be7 7. b3 O-O 8. Bb2
d6 9. Qe2 Nc6 10. a3 Rc8 11. Rfd1 d5 12. Ne5 cxd4 13. exd4 Nxe5 14. dxe5 Nd7
15. c4 a5 16. Rac1 Bg5 17. Bb1 dxc4 18. Rxc4 Ba6 19. Qe4 g6 20. Rd4 Qc7 21. Nc4
Nc5 22. Qg4 Nxb3 23. Nd6 Bc1 24. Bxc1 Nxd4 25. Qxd4 Qxc1 0-1

[Event "2. Bundesliga Ost 2016/2017"]
[Site "alle Wien"]
[Date "2017.04.01"]
[Round "10"]
[Board "3"]
[White "Plachetka, Jan"]
[Black "Wcislo, Damian"]
[Result "0-1"]
[WhiteElo "2354"]
[BlackElo "2304"]
[PlyCount "100"]
[EventDate "2016.10.15"]
[EventType "team"]
[EventRounds "11"]
[EventCountry "AUT"]
[WhiteTeam "SK Sparkasse Bad Voeslau"]
[BlackTeam "tschaturanga"]

1. d4 d5 2. c4 e6 3. Nc3 c6 4. Nf3 dxc4 5. e4 b5 6. a4 Bb4 7. Bd2 Nf6 8. e5
Bxc3 9. bxc3 Ne4 10. h4 Nd7 11. Ng5 Nxd2 12. Qxd2 Nb6 13. Rh3 Nd5 14. Be2 a5
15. Rg3 Ra7 16. Ne4 O-O 17. h5 f5 18. Nd6 b4 19. h6 g6 20. Bxc4 Nxc3 21. Rh3
Nd5 22. f3 Bd7 23. Kf2 Qb6 24. Rhh1 c5 25. Bxd5 exd5 26. dxc5 Qxc5+ 27. Kg3 f4+
28. Kh2 Be6 29. Rac1 Qb6 30. Rc2 Qd8 31. Qf2 Rd7 32. Qd4 Qg5 33. Rc5 b3 34. Rb1
Qxh6+ 35. Kg1 Qg5 36. Rxb3 h5 37. Rxa5 h4 38. Rc5 h3 39. Rc2 Rh7 40. Rb7 Rh5
41. Qb2 Qg3 42. Qa1 hxg2 43. Rxg2 Qxf3 44. Qd4 Kh8 45. Rc7 Qh3 46. Nf7+ Rxf7
47. Rxf7 f3 48. Rxg6 Qh2+ 49. Kf1 Qe2+ 50. Kg1 Qe1# 0-1

[Event "2. Bundesliga Ost 2016/2017"]
[Site "alle Wien"]
[Date "2017.04.01"]
[Round "10"]
[Board "4"]
[White "Sadilek, Peter"]
[Black "Brehovsky, Paul"]
[Result "1-0"]
[WhiteElo "2274"]
[BlackElo "2127"]
[PlyCount "75"]
[EventDate "2016.10.15"]
[EventType "team"]
[EventRounds "11"]
[EventCountry "AUT"]
[WhiteTeam "tschaturanga"]
[BlackTeam "SK Sparkasse Bad Voeslau"]

1. d4 e6 2. c4 d5 3. Nf3 Nf6 4. g3 c6 5. Bg2 Bb4+ 6. Bd2 Bd6 7. O-O Nbd7 8. Qc2
O-O 9. Bg5 dxc4 10. Qxc4 e5 11. Nc3 Qc7 12. Rac1 a6 13. Rfd1 h6 14. dxe5 Nxe5
15. Nxe5 Be6 16. Bxf6 Bxc4 17. Nxc4 Bxg3 18. hxg3 gxf6 19. Ne4 Rfd8 20. Nxf6+
Kh8 21. Bf3 Rxd1+ 22. Rxd1 Rd8 23. Rc1 Qe7 24. Ng4 Qg5 25. Nge3 b5 26. Na5 c5
27. Nb7 Rc8 28. Nd6 Rc7 29. Kg2 Rd7 30. Ne4 Qe5 31. Rxc5 Qxb2 32. Rh5 f5 33.
Nxf5 b4 34. Rxh6+ Rh7 35. Rxa6 Rb7 36. Ng5 Rg7 37. Rh6+ Kg8 38. Bd5+ 1-0

[Event "2. Bundesliga Ost 2016/2017"]
[Site "alle Wien"]
[Date "2017.04.01"]
[Round "10"]
[Board "5"]
[White "Lampl, Gerald"]
[Black "Morgunov, Daniel"]
[Result "0-1"]
[WhiteElo "2082"]
[BlackElo "2092"]
[PlyCount "62"]
[EventDate "2016.10.15"]
[EventType "team"]
[EventRounds "11"]
[EventCountry "AUT"]
[WhiteTeam "SK Sparkasse Bad Voeslau"]
[BlackTeam "tschaturanga"]

1. d4 Nf6 2. c4 g6 3. Nf3 Bg7 4. g3 d6 5. Bg2 O-O 6. O-O Nc6 7. Nc3 Bf5 8. Nh4
Bd7 9. f4 e5 10. d5 Nd4 11. e3 Nf5 12. Nxf5 Bxf5 13. h3 exf4 14. exf4 h5 15.
Be3 Qd7 16. Kh2 h4 17. gxh4 Rae8 18. Bd4 c5 19. dxc6 bxc6 20. Qd2 c5 21. Bxf6
Bxf6 22. Rad1 Re6 23. Rfe1 Bxh4 24. Rxe6 Qxe6 25. Qxd6 Qe3 26. Nd5 Qg3+ 27. Kh1
Bxh3 28. Bxh3 Qxh3+ 29. Kg1 Qg3+ 30. Kh1 Qf3+ 31. Kh2 Bg3+ 0-1

[Event "2. Bundesliga Ost 2016/2017"]
[Site "alle Wien"]
[Date "2017.04.01"]
[Round "10"]
[Board "6"]
[White "Rother, Moritz"]
[Black "Haas, Bernhard"]
[Result "1/2-1/2"]
[WhiteElo "2092"]
[BlackElo "2013"]
[PlyCount "107"]
[EventDate "2016.10.15"]
[EventType "team"]
[EventRounds "11"]
[EventCountry "AUT"]
[WhiteTeam "tschaturanga"]
[BlackTeam "SK Sparkasse Bad Voeslau"]

1. d4 Nf6 2. c4 g6 3. Nc3 Bg7 4. Nf3 d6 5. g3 O-O 6. Bg2 Nbd7 7. O-O e5 8. b3
c5 9. dxe5 dxe5 10. e4 Re8 11. Bg5 Qa5 12. Qd2 Nb8 13. Bxf6 Bxf6 14. Nd5 Qd8
15. Rad1 Bg7 16. Qe3 Qa5 17. a3 Nc6 18. b4 cxb4 19. axb4 Qd8 20. b5 Na5 21. Qc3
Be6 22. Ne3 Qc7 23. c5 Nb3 24. Nd5 Bxd5 25. Rxd5 Nd4 26. Nxd4 exd4 27. Qd2 Rad8
28. Rc1 Rxd5 29. exd5 Qe5 30. c6 bxc6 31. bxc6 Qc7 32. Bh3 f5 33. Qb4 Rd8 34.
Qc4 Kh8 35. Re1 Be5 36. Rb1 Rb8 37. Rb5 Rxb5 38. Qxb5 Bd6 39. Qe2 Kg7 40. Qe6
a5 41. Bf1 a4 42. Bc4 a3 43. Qe2 Qb6 44. Kg2 Kf8 45. h4 Qb1 46. Bd3 a2 47. Qe6
Qb4 48. Qf6+ Kg8 49. Bxf5 gxf5 50. Qg5+ Kh8 51. Qf6+ Kg8 52. Qg5+ Kh8 53. Qf6+
Kg8 54. Qg5+ 1/2-1/2

[Event "2. Bundesliga Ost 2016/2017"]
[Site "alle Wien"]
[Date "2017.04.02"]
[Round "11"]
[Board "1"]
[White "Menezes, Christoph"]
[Black "Weinzettl, Ernst"]
[Result "1/2-1/2"]
[WhiteElo "2411"]
[BlackElo "2274"]
[PlyCount "109"]
[EventDate "2016.10.15"]
[EventType "team"]
[EventRounds "11"]
[EventCountry "AUT"]
[WhiteTeam "tschaturanga"]
[BlackTeam "ASVOE VHS Poechlarn"]

1. d4 Nf6 2. c4 g6 3. g3 Bg7 4. Bg2 O-O 5. Nc3 d6 6. Nf3 c6 7. O-O Qa5 8. e4 e5
9. h3 Nbd7 10. Re1 Re8 11. Be3 b5 12. cxb5 cxb5 13. a4 bxa4 14. Rxa4 Qc7 15.
dxe5 dxe5 16. Bxa7 Qb7 17. Qa1 Nf8 18. Be3 Bd7 19. Rxa8 Rxa8 20. Qc1 Ra5 21.
Nd2 Be6 22. Qc2 N8d7 23. Rb1 Qb4 24. Ne2 Bf8 25. Nc1 Nc5 26. Kh2 Ra8 27. Ne2
Rc8 28. Nc3 Nb3 29. Nxb3 Bxb3 30. Qd2 Be6 31. Bg5 Nd7 32. Rc1 Rb8 33. Rc2 Bc5
34. Nd5 Qxd2 35. Rxd2 Bd4 36. Ne7+ Kg7 37. Nc6 Rb6 38. Nxd4 exd4 39. Bd8 Rb3
40. Rxd4 Rxb2 41. f4 h5 42. Bc7 Rc2 43. Ba5 Nc5 44. Bb4 Nb3 45. Rd3 Ra2 46.
Bc3+ f6 47. Rd6 Rc2 48. Rxe6 Rxc3 49. Re7+ Kf8 50. Rh7 Kg8 51. Ra7 Nd2 52. e5
fxe5 53. fxe5 Nf3+ 54. Bxf3 Rxf3 55. e6 1/2-1/2

[Event "2. Bundesliga Ost 2016/2017"]
[Site "alle Wien"]
[Date "2017.04.02"]
[Round "11"]
[Board "2"]
[White "Loeffler, Stefan"]
[Black "Wukits, Rene"]
[Result "0-1"]
[WhiteElo "2378"]
[BlackElo "2311"]
[PlyCount "58"]
[EventDate "2016.10.15"]
[EventType "team"]
[EventRounds "11"]
[EventCountry "AUT"]
[WhiteTeam "ASVOE VHS Poechlarn"]
[BlackTeam "tschaturanga"]

1. d4 Nf6 2. c4 e6 3. Nf3 c5 4. g3 cxd4 5. Nxd4 d5 6. Bg2 e5 7. Nb3 d4 8. O-O
Nc6 9. f4 e4 10. f5 g6 11. Bg5 Be7 12. Bxf6 Bxf6 13. Bxe4 Bg5 14. Kg2 Be3 15.
Na3 Qe7 16. Qb1 O-O 17. c5 Re8 18. Bd3 b6 19. fxg6 fxg6 20. Bxg6 Bb7 21. Bf7+
Kh8 22. Bd5 Rad8 23. Rf7 Qxf7 24. Bxf7 Ne5+ 25. Kh3 Nxf7 26. Nc4 Ng5+ 27. Kh4
Re4+ 28. g4 Bf2+ 29. Kh5 Rd5 0-1

[Event "2. Bundesliga Ost 2016/2017"]
[Site "alle Wien"]
[Date "2017.04.02"]
[Round "11"]
[Board "3"]
[White "Wcislo, Damian"]
[Black "Ganaus, Hannes"]
[Result "1-0"]
[WhiteElo "2304"]
[BlackElo "2277"]
[PlyCount "61"]
[EventDate "2016.10.15"]
[EventType "team"]
[EventRounds "11"]
[EventCountry "AUT"]
[WhiteTeam "tschaturanga"]
[BlackTeam "ASVOE VHS Poechlarn"]

1. d4 Nf6 2. c4 e6 3. Nf3 c5 4. d5 b5 5. dxe6 fxe6 6. cxb5 a6 7. e4 Nxe4 8. Bd3
Nf6 9. Ng5 Qc7 10. O-O axb5 11. Bxh7 Ra4 12. Bg6+ Ke7 13. f4 Rh6 14. Bc2 Rd4
15. Qe2 b4 16. Re1 Rd5 17. Nf3 Nc6 18. Nbd2 Nd4 19. Nxd4 cxd4 20. Nf3 d3 21.
Bxd3 Ng4 22. Ne5 Qc5+ 23. Be3 Nxe3 24. Qxe3 d6 25. Qxc5 dxc5 26. Bc4 Rd2 27.
Rad1 Rxd1 28. Rxd1 Rf6 29. Nc6+ Kf7 30. Rd8 Rxf4 31. Rxc8 1-0

[Event "2. Bundesliga Ost 2016/2017"]
[Site "alle Wien"]
[Date "2017.04.02"]
[Round "11"]
[Board "4"]
[White "Wilke, Werner"]
[Black "Sadilek, Peter"]
[Result "0-1"]
[WhiteElo "2226"]
[BlackElo "2274"]
[PlyCount "98"]
[EventDate "2016.10.15"]
[EventType "team"]
[EventRounds "11"]
[EventCountry "AUT"]
[WhiteTeam "ASVOE VHS Poechlarn"]
[BlackTeam "tschaturanga"]

1. e4 g6 2. d4 Bg7 3. Nc3 d6 4. Bg5 a6 5. a4 Nc6 6. Nge2 Nf6 7. h3 O-O 8. Qd2
Re8 9. g4 e5 10. d5 Nd4 11. Bg2 h6 12. Be3 c5 13. dxc6 bxc6 14. Nxd4 exd4 15.
Bxd4 d5 16. O-O-O dxe4 17. Rhe1 Be6 18. Nxe4 Nxe4 19. Rxe4 Qc7 20. Bxg7 Kxg7
21. Re3 Kh7 22. Qc3 Qf4 23. Kb1 Qxf2 24. Rxe6 Rxe6 25. Rf1 Qa7 26. h4 Qe7 27.
h5 Re8 28. hxg6+ fxg6 29. Ka2 Rf8 30. Rd1 Rf4 31. Bxc6 Rd6 32. Qc5 Qf7+ 33. Bd5
Qd7 34. Qxd6 Rxa4+ 35. Kb3 Qxd6 36. Bg8+ Kxg8 37. Rxd6 Rxg4 38. c4 Kf7 39. Rxa6
h5 40. Kb4 h4 41. Kb5 h3 42. Ra7+ Ke6 43. Ra1 h2 44. Rh1 Rg2 45. b4 g5 46. c5
g4 47. c6 g3 48. c7 Rc2 49. Kb6 g2 0-1

[Event "2. Bundesliga Ost 2016/2017"]
[Site "alle Wien"]
[Date "2017.04.02"]
[Round "11"]
[Board "5"]
[White "Sadilek, Maximilian"]
[Black "Ernst, Michael"]
[Result "1/2-1/2"]
[WhiteElo "2258"]
[BlackElo "2071"]
[PlyCount "60"]
[EventDate "2016.10.15"]
[EventType "team"]
[EventRounds "11"]
[EventCountry "AUT"]
[WhiteTeam "tschaturanga"]
[BlackTeam "ASVOE VHS Poechlarn"]

1. Nf3 Nf6 2. Nc3 d5 3. d4 Bf5 4. Bg5 Nbd7 5. e3 e6 6. Bd3 Bg6 7. O-O Be7 8.
Bxg6 hxg6 9. Qd3 O-O 10. e4 dxe4 11. Nxe4 Nxe4 12. Bxe7 Qxe7 13. Qxe4 c6 14. c3
Qf6 15. Rfe1 Qf5 16. Qh4 Nf6 17. Ne5 Nd5 18. Rad1 g5 19. Qg3 Nf4 20. Nd3 Rad8
21. Re5 Rd5 22. Ree1 Rfd8 23. Nxf4 Qxf4 24. Qxf4 gxf4 25. Rc1 c5 26. dxc5 Rxc5
27. Rcd1 Rcd5 28. Rxd5 Rxd5 29. Kf1 Rd2 30. Re2 Rd1+ 1/2-1/2

[Event "2. Bundesliga Ost 2016/2017"]
[Site "alle Wien"]
[Date "2017.04.02"]
[Round "11"]
[Board "6"]
[White "Gattermayer, Robert"]
[Black "Morgunov, Daniel"]
[Result "0-1"]
[WhiteElo "1959"]
[BlackElo "2092"]
[PlyCount "68"]
[EventDate "2016.10.15"]
[EventType "team"]
[EventRounds "11"]
[EventCountry "AUT"]
[WhiteTeam "ASVOE VHS Poechlarn"]
[BlackTeam "tschaturanga"]

1. e4 c5 2. Nc3 Nc6 3. d3 d6 4. g3 Nf6 5. Bg2 g6 6. Rb1 Bg7 7. Bd2 O-O 8. Nf3
Rb8 9. O-O b5 10. a3 a5 11. a4 bxa4 12. Nxa4 Nd7 13. Bc3 Ba6 14. Bxg7 Kxg7 15.
Re1 Nb4 16. Qd2 Nb6 17. Nxb6 Qxb6 18. h4 h5 19. Kh2 Qb5 20. Bf1 Qa4 21. c3 Nc6
22. e5 d5 23. Ng5 Rb6 24. e6 f6 25. Nf7 Rxf7 26. exf7 Ne5 27. f8=Q+ Kxf8 28.
Qh6+ Kg8 29. Kh1 Qg4 30. Qe3 d4 31. cxd4 Bb7+ 32. d5 Bxd5+ 33. f3 Qxg3 34. Bg2
Nxf3 0-1

[Event "2. Bundesliga Ost 2016/2017"]
[Site "alle Wien"]
[Date "2017.04.02"]
[Round "11"]
[Board "1"]
[White "Bachofner, Andreas"]
[Black "Juhasz, Armin"]
[Result "0-1"]
[WhiteElo "2214"]
[BlackElo "2388"]
[PlyCount "90"]
[EventDate "2016.10.15"]
[EventType "team"]
[EventRounds "11"]
[EventCountry "AUT"]
[WhiteTeam "Blackburne Nickelsdorf 2"]
[BlackTeam "SK Sparkasse Bad Voeslau"]

1. e4 c6 2. d4 d5 3. exd5 cxd5 4. Bd3 Nc6 5. c3 Qc7 6. Na3 a6 7. Nc2 Nf6 8. h3
g6 9. Ne2 Bf5 10. Bxf5 gxf5 11. Bf4 Qd7 12. Qd3 e6 13. Be5 Nxe5 14. dxe5 Ne4
15. f3 Nc5 16. Qe3 h5 17. b3 Rc8 18. Rd1 Qc7 19. Ncd4 Bh6 20. f4 Ne4 21. Rd3
Nc5 22. Rd1 Ne4 23. Rd3 Bf8 24. O-O Bc5 25. Rc1 b5 26. c4 dxc4 27. bxc4 b4 28.
Kh2 h4 29. Qf3 Qa7 30. Rcd1 Qa8 31. g4 hxg3+ 32. Nxg3 Bxd4 33. Rxd4 Rxh3+ 34.
Kxh3 Ng5+ 35. fxg5 Qxf3 36. Kh4 Rxc4 37. Rxc4 Qxd1 38. Rxb4 Qd5 39. Kh3 Qxe5
40. a3 a5 41. Rc4 Qe3 42. Kh4 Qf2 43. Kh3 Qd2 44. Rc8+ Kd7 45. Rg8 Qe3 0-1

[Event "2. Bundesliga Ost 2016/2017"]
[Site "alle Wien"]
[Date "2017.04.02"]
[Round "11"]
[Board "2"]
[White "Juhasz, Kristof"]
[Black "Bury, Rastislav"]
[Result "1-0"]
[WhiteElo "2401"]
[BlackElo "2159"]
[PlyCount "47"]
[EventDate "2016.10.15"]
[EventType "team"]
[EventRounds "11"]
[EventCountry "AUT"]
[WhiteTeam "SK Sparkasse Bad Voeslau"]
[BlackTeam "Blackburne Nickelsdorf 2"]

1. Nf3 Nf6 2. c4 e6 3. g3 d5 4. d4 c6 5. Bg2 Nbd7 6. O-O Bd6 7. Nc3 O-O 8. Nd2
Re8 9. e4 dxe4 10. Ndxe4 Bf8 11. Bf4 Nxe4 12. Nxe4 h6 13. Re1 Nf6 14. Nc3 Qb6
15. a3 Bd7 16. Be5 Rad8 17. b4 Bc8 18. c5 Qa6 19. Bf1 b5 20. a4 Qb7 21. axb5
Bd7 22. bxc6 Bxc6 23. b5 Bd5 24. c6 1-0

[Event "2. Bundesliga Ost 2016/2017"]
[Site "alle Wien"]
[Date "2017.04.02"]
[Round "11"]
[Board "3"]
[White "Koffler, Daniel"]
[Black "Plachetka, Jan"]
[Result "1/2-1/2"]
[WhiteElo "2152"]
[BlackElo "2354"]
[PlyCount "119"]
[EventDate "2016.10.15"]
[EventType "team"]
[EventRounds "11"]
[EventCountry "AUT"]
[WhiteTeam "Blackburne Nickelsdorf 2"]
[BlackTeam "SK Sparkasse Bad Voeslau"]

1. e4 d6 2. d4 Nf6 3. Nc3 e5 4. Nge2 Nc6 5. h3 Be7 6. g3 O-O 7. Bg2 a6 8. a4 b6
9. O-O Bb7 10. Be3 Re8 11. g4 h6 12. d5 Nb8 13. Ng3 Nh7 14. Nce2 Nd7 15. Nf5
Bg5 16. Ra3 Bxe3 17. Rxe3 Nhf8 18. h4 Ng6 19. Rh3 Ndf8 20. Qd2 Nh7 21. Kh1 Bc8
22. Rg1 Kf8 23. Bf1 h5 24. gxh5 Bxf5 25. exf5 Nf4 26. Nxf4 exf4 27. Qxf4 Qf6
28. Bd3 Qe5 29. Qxe5 Rxe5 30. Rhg3 Nf6 31. Rxg7 Ke7 32. h6 Rh8 33. h7 Rxh7 34.
Rxh7 Nxh7 35. h5 Nf6 36. h6 Rxd5 37. Kg2 Kf8 38. Kh3 Rd4 39. b3 a5 40. Rg5 d5
41. Rg3 c5 42. c3 Rf4 43. f3 c4 44. bxc4 d4 45. cxd4 Rxd4 46. f4 Rxf4 47. Kg2
Rd4 48. Be2 Rd2 49. Kf1 Rb2 50. Rd3 Ke7 51. Rh3 Nh7 52. Rg3 Nf6 53. Re3+ Kf8
54. Rd3 Ke7 55. Rh3 Nh7 56. Rg3 Nf6 57. Rg7 Kf8 58. Rg3 Rb1+ 59. Kf2 Rb2 60.
Kf1 1/2-1/2

[Event "2. Bundesliga Ost 2016/2017"]
[Site "alle Wien"]
[Date "2017.04.02"]
[Round "11"]
[Board "4"]
[White "Brehovsky, Paul"]
[Black "Rongitsch, Thomas"]
[Result "0-1"]
[WhiteElo "2127"]
[BlackElo "2092"]
[PlyCount "72"]
[EventDate "2016.10.15"]
[EventType "team"]
[EventRounds "11"]
[EventCountry "AUT"]
[WhiteTeam "SK Sparkasse Bad Voeslau"]
[BlackTeam "Blackburne Nickelsdorf 2"]

1. d4 d5 2. c4 c6 3. Nf3 Nf6 4. Nc3 a6 5. e3 b5 6. b3 Bg4 7. Be2 e6 8. O-O Nbd7
9. h3 Bh5 10. Qc2 Bb4 11. Bd2 Qe7 12. a3 Bg6 13. Qb2 Bd6 14. a4 b4 15. Na2 dxc4
16. Bxc4 a5 17. Rfd1 O-O 18. Ne5 Rfc8 19. Nxg6 hxg6 20. Rac1 c5 21. dxc5 Bxc5
22. Rc2 Bb6 23. Be1 Nc5 24. Nc1 Nfe4 25. Be2 Rd8 26. Rxd8+ Rxd8 27. f3 Nf6 28.
Bf2 Nd5 29. Na2 Qg5 30. h4 Qe7 31. Bc4 Nxe3 32. Bxe3 Rd1+ 33. Bf1 Nxa4 34. Qe5
Qa7 35. Re2 Nc5 36. Kh2 Bc7 0-1

[Event "2. Bundesliga Ost 2016/2017"]
[Site "alle Wien"]
[Date "2017.04.02"]
[Round "11"]
[Board "5"]
[White "Jirovec, Alfred"]
[Black "Lampl, Gerald"]
[Result "1/2-1/2"]
[WhiteElo "2023"]
[BlackElo "2082"]
[PlyCount "81"]
[EventDate "2016.10.15"]
[EventType "team"]
[EventRounds "11"]
[EventCountry "AUT"]
[WhiteTeam "Blackburne Nickelsdorf 2"]
[BlackTeam "SK Sparkasse Bad Voeslau"]

1. Nf3 Nf6 2. c4 e6 3. g3 b6 4. Bg2 Bb7 5. O-O c5 6. d3 Be7 7. Nc3 O-O 8. a3
Nc6 9. d4 Nxd4 10. Nxd4 Bxg2 11. Nxe6 dxe6 12. Qxd8 Rfxd8 13. Kxg2 Ng4 14. h3
Ne5 15. b3 Nc6 16. Rb1 f5 17. Be3 Bf6 18. Nb5 Rd7 19. Rfc1 a6 20. Nc3 Bxc3 21.
Rxc3 a5 22. Rcc1 h6 23. Kf1 Kf7 24. Ke1 Rad8 25. Rb2 e5 26. Rd2 Rxd2 27. Bxd2
Nd4 28. Rc3 Ke6 29. Be3 g5 30. f3 f4 31. Bf2 h5 32. Kf1 Nf5 33. gxf4 Rd1+ 34.
Kg2 gxf4 35. Rd3 Rxd3 36. exd3 Kf6 37. h4 Ke6 38. Kf1 Kd6 39. Ke2 Kc6 40. Kd2
b5 41. Ke2 1/2-1/2

[Event "2. Bundesliga Ost 2016/2017"]
[Site "alle Wien"]
[Date "2017.04.02"]
[Round "11"]
[Board "6"]
[White "Dittel, Herbert"]
[Black "Weinzetl, Andreas"]
[Result "1-0"]
[WhiteElo "2068"]
[BlackElo "1984"]
[PlyCount "71"]
[EventDate "2016.10.15"]
[EventType "team"]
[EventRounds "11"]
[EventCountry "AUT"]
[WhiteTeam "SK Sparkasse Bad Voeslau"]
[BlackTeam "Blackburne Nickelsdorf 2"]

1. d4 Nf6 2. Nf3 d6 3. c4 g6 4. Nc3 Bg7 5. e4 O-O 6. Be2 c6 7. O-O Qc7 8. Ne1
e5 9. d5 Ne8 10. Nd3 f5 11. Bd2 Nd7 12. Kh1 Nef6 13. f3 f4 14. b4 a5 15. a3
axb4 16. axb4 Rxa1 17. Qxa1 g5 18. Qa2 cxd5 19. cxd5 h5 20. Nb5 Qb6 21. Nb2 g4
22. Qa4 g3 23. Nc4 Qd8 24. Nbxd6 Nxe4 25. Nxc8 Nxd2 26. Nxd2 Qxc8 27. Qb3 gxh2
28. Ne4 Qd8 29. d6+ Kh8 30. Qe6 Nf6 31. Qxe5 Nxe4 32. Qxh5+ Kg8 33. Bc4+ Rf7
34. Qxf7+ Kh7 35. Qf5+ Kh6 36. fxe4 1-0